00865nam a2200229 a 4500008004100000050001300041100002000054245009500074260004000169300001400209350000900223490003400232650001300266650002700279650003200306700002200338700001600360700001900376995010000395999001700495952012300512100625s2005 ||||||||||||||||| || u aIBRD(08) aZajonc, Tristan10aReligious school enrollment in pakistan: a look at the datacby Tahir Andrabi [and others] aWashington, D. C.bWorld Bankc2005 a41p.: ill a0.00 aPolicy Research Working Paper aPAKISTAN aRELIGION AND EDUCATION aSCHOOL ENROLLMENT--PAKISTAN aKhwaja, Asim Ijaz aJishnu, Das aAndrabi, Tahir D0.00FCBU-MAIN LIBRARY (Kitwe)H1I0.00M1UAVAILABLEWJun 25, 2010ZInternational Publications c56030d56030 00102lcc4070a001b001cInternational Publicationsd2022-11-30l0oIBRD(08)pZ03006661r2022-11-30w2022-11-30y002